000 00570 a2200193 4500
001 59332
005 20260407155847.0
008 260407a1990 arg spa d
003 AR-UNSa-BCEJYS
040 _aAR-UNSa-BCEJYS
_bspa
_cAR-UNSa-BCEJYS
080 _a339.92
_xCooperación económica internacional. Integración económica internacional
245 1 0 _aArgentina- Brasil
020 _a950-718-009-5
264 1 _aBuenos Aires :
_bTesis
_c1990
300 _a389 p.
_c20 cm.
942 _cBK
590 _aniveau_biblio:m niveau_hierar:0
100 1 _aHirst, Mónica
999 _c6652
_d6652